Statistics for 2010 FIFA World Cup Quiz

Click here to take the quiz!

General Stats

  • This quiz has been taken 82,990 times
  • The average score is 23 of 32

Answer Stats

Group Team % Correct
Group HSpain
96%
Group GBrazil
95%
Group DGermany
94%
Group BArgentina
94%
Group CEngland
92%
Group AFrance
92%
Group CUnited States
91%
Group FItaly
89%
Group GPortugal
88%
Group ENetherlands
85%
Group ASouth Africa
85%
Group AMexico
84%
Group EJapan
83%
Group AUruguay
79%
Group DAustralia
78%
Group HChile
74%
Group BSouth Korea
74%
Group DGhana
70%
Group FParaguay
63%
Group HSwitzerland
62%
Group BNigeria
62%
Group GIvory Coast
61%
Group BGreece
60%
Group GNorth Korea
59%
Group FNew Zealand
58%
Group EDenmark
57%
Group CAlgeria
54%
Group ECameroon
54%
Group CSlovenia
48%
Group FSlovakia
48%
Group DSerbia
47%
Group HHonduras
47%

Score Distribution

Percentile by Number Answered

Percent of People with Each Score

Your Score History

You have not taken this quiz